Anuario de 1876 á 1877 y memoria acerca del estado de la enseñanza en la Universidad Central y en los establecimientos del distrito incorporados á la misma durante el curso de 1875 á 1876. (Record no. 173600)

MARC details
000 -LEADER
campo de control de longitud fija 00742nas a2200181 i 4500
001 - NÚMERO DE CONTROL
campo de control 173600
003 - IDENTIFICADOR DE NÚMERO DE CONTROL
campo de control ES-MaACL
005 - FECHA Y HORA DE LA ÚLTIMA TRANSACCIÓN
campo de control 20240203062553.0
008 - DATOS DE LONGITUD FIJA--INFORMACIÓN GENERAL
campo de control de longitud fija 091211c1877 | | ||pa d
080 ## - NÚMERO DE LA CLASIFICACIÓN DECIMAL UNIVERSAL
Número de la Clasificación Decimal Universal 378.4(460.27 M.)(060.55)
110 2# - ENTRADA PRINCIPAL--NOMBRE DE ENTIDAD CORPORATIVA
Nombre de entidad corporativa o nombre de jurisdicción como elemento de entrada Universidad Central (Madrid)
9 (RLIN) 7084
245 10 - MENCIÓN DEL TÍTULO
Título Anuario de 1876 á 1877 y memoria acerca del estado de la enseñanza en la Universidad Central y en los establecimientos del distrito incorporados á la misma durante el curso de 1875 á 1876.
260 ## - PUBLICACIÓN, DISTRIBUCIÓN, ETC.
Lugar de publicación, distribución, etc. Madrid :
Nombre del editor, distribuidor, etc. [s.n.],
Fecha de publicación, distribución, etc. 1877 (
Fabricante Imprenta, Estereotipia y Galvanoplastia de Aribau)
300 ## - DESCRIPCIÓN FÍSICA
Extensión 152 p. ;
Dimensiones 24 cm.
610 24 - PUNTO DE ACCESO ADICIONAL DE MATERIA--NOMBRE DE ENTIDAD CORPORATIVA
Nombre de entidad corporativa o nombre de jurisdicción como elemento de entrada Universidad Central (Madrid)-
Subdivisión de forma Memorias.
9 (RLIN) 141782
852 ## - LOCALIZACIÓN
Ubicación ES-MaACL
Número de control de estantería T-243-F-7
Holdings
Estatus retirado Estado de pérdida Estado de daño No para préstamo Colección Biblioteca de origen Biblioteca actual Ubicación en estantería Fecha de adquisición Fuente de adquisición Total de préstamos Signatura topográfica completa Código de barras Visto por última vez Precio de reemplazo Tipo de ítem Koha
        Colección de folletos Biblioteca del Ateneo de Madrid Biblioteca del Ateneo de Madrid Depósito folletos 11/12/2009     T-243-F-7 1182182 23/02/2023 23/02/2023 Folleto